Pyramide de mots n°5 - Statistiques

Statistiques générales
  • Ce quiz a été pris 709 fois
  • Le résultat moyen est 5 sur 6
Statistiques - réponses
Lettres Indices Mots % Correct
A,L Article défini La
99%
Contraire de propre Sale
98%
Fatigué, dégoûté Las
95%
Chaussure légère Sandale
72%
Cervidés de Sibérie Élans
51%
Étendue de terre sauvage Landes
36%
Aucun quiz correspondant
Distribution des résultats
% des personnes avec chaque résultat
Percentile par nombre de réponses
Votre historique - résultats
Vous n’avez pas pris ce quiz